000 01730nam0a2200337 4500
001 RU\NLR\bibl\855623
005 20260405114135.0
010 _a5-7103-1087-5
_9500
021 _aRU
_b2005-28246
_91418
035 _a(NLR Aleph) 000844347
090 _a1440320
_c1440320
100 _a20051018d2005 |||y0rusy50 ca
101 0 _arus
102 _aRU
105 _aa |||||||||
200 1 _aКурсовое проектирование по теории механизмов и машин
_eучебное пособие
_eдля студентов высших учебных заведений, обучающихся по направлению 660300 "Агроинженерия"
_f[Н.И. Наумкин и др.]
_gпод общ. ред. проф. П.В. Сенина, доц. Н.И. Наумкина
205 _a2-е изд., испр.
210 _aСаранск
_cИзд-во Мордовского университета
_d2005
215 _a331, [1] с., [6] л. черт.
_cил.
_d20
225 1 _aУчебники Мордовского университета
320 _aБиблиогр.: с. 330 (7 назв.)
606 1 _aМашин и механизмов теория
_jУчебные издания для высших учебных заведений
_xКурсовое проектирование
_92114958
_3RU\NLR\auth\661277779
686 _aК412я73-5
702 1 _aНаумкин
_bН. И.
_gНиколай Иванович
_4220
702 1 _4340
_8rus
_7ca
_aСенин
_bП. В.
_f1953-
_gПетр Васильевич
_3RU\NLR\auth\7744721
_927661
801 0 _aRU
_bNLR
_c20051018
_grcr
801 1 _aRU
_bNLR
_c20051018
942 _cBOOK
980 _aNB